Songs written by Dianne Warren - Statistics

General Stats
  • This quiz has been taken 37 times
    30 since last reset
  • The average score is 8 of 13
Answer Stats
Song Year Artist % Correct
I Don't Want To Miss A Thing 1998 Aerosmith
100%
Nothing's Gonna Stop Us Now 1987 Starship
81%
Un-Break My Heart 1996 Toni Braxton
81%
Blame It On The Rain 1989 Milli Vanilli
76%
Because You Loved Me 1996 Celine Dion
71%
Can't Fight the Moonlight 2000 LeAnn Rimes
71%
When I See You Smile 1989 Bad English
62%
Look Away 1988 Chicago
62%
Just Like Jesse James 1989 Cher
48%
Rhythm of the Night 1983 DeBarge
43%
Don't Turn Around 1988 Aswad
38%
Only Love Can Hurt Like This 2014 Paloma Faith
38%
Not a Dry Eye in the House 1995 Meat Loaf
24%
No matching quizzes found
Score Distribution
Percent of People with Each Score
Percentile by Number Answered
Your Score History
You have not taken this quiz since the last reset